| 000 | 01318cab a22002175a 4500 | ||
|---|---|---|---|
| 001 | L155723 | ||
| 008 | 120410s2012 xxk 000 0 eng d | ||
| 035 | _a(Sirsi) u155723 | ||
| 041 | 0 | _aeng | |
| 110 | 2 |
_aUnited Kingdom _bDepartment for Communities and Local Government _94939 |
|
| 245 | 0 | 0 |
_aHigh streets at the heart of our communities _bthe government's response to the Mary Portas review - March 2012 _h[electronic review] |
| 260 |
_aLondon _bDCLG _c2012 |
||
| 520 | _aThe government's response to the Portas Review (see L154573) lays down a challenge for local partners to re-imagine their town centres and high streets, ensuring they offer something new and different that neither out-of-town shopping centres nor the internet can match - an experience that goes beyond retail, with creative use of public spaces and a vibrant evening economy. The response also outlines a new package of measures to help high streets reclaim their role at the heart of our communities. | ||
| 590 | _aKA | ||
| 650 | 2 | 4 | _aPORTAS REVIEW |
| 651 | 4 |
_aEngland and Wales _y1543- |
|
| 690 |
_aPlanning and development _96259 |
||
| 690 |
_aCommercial property _96227 |
||
| 856 | 4 | 0 |
_uhttps://www.communities.gov.uk/publications/regeneration/portasreviewresponse _zView the government response at www.communities.gov.uk |
| 942 | _n0 | ||
| 999 |
_c83910 _d83910 |
||